000
00329nam a22001337a 4500
008
260530b |||||||| |||| 00| 0 eng d
020
_a
9789381275528
082
_a
001931
100
_a
Bayari, Venkatesh B
245
_a
Gita Bhasyam
260
_a
Bangalore
_b
Poorna Prajna Samshodhan Trust
_c
2017
300
_a
580p
942
_2
ddc
999
_c
1477
_d
1477